[Event "4NCL-9899A BR-NWE"]
[Site "Rd11-Birmingham"]
[Date "1999.05.03"]
[Round "11.2"]
[White "Quillan, Gary"]
[Black "Cobb, Charles"]
[Result "1/2-1/2"]
[WhiteElo "2335"]
[BlackElo "2275"]
[PlyCount "86"]
[EventDate "1999.05.03"]

1. e4 d5 2. exd5 Nf6 3. c4 c6 4. d4 cxd5 5. Nc3 e6 6. Nf3 Bb4 7. cxd5 Nxd5 8.
Qc2 Nc6 9. Bd3 Ba5 10. a3 h6 11. O-O O-O 12. Re1 Bb6 13. Be3 Bd7 14. Rad1 Rc8
15. Qd2 Nxe3 16. Qxe3 Ne7 17. Bb1 Bc6 18. Qd3 g6 19. Ne5 Nf5 20. Qh3 Qg5 21.
Bxf5 gxf5 22. Rd3 Kh7 23. Red1 Rcd8 24. b4 Be4 25. Rg3 Qf4 26. Qh5 Bxd4 27.
Nxe4 fxe4 28. Ng4 Rg8 29. Ne3 Bxe3 30. fxe3 Rxd1+ 31. Qxd1 Qf6 32. Rxg8 Kxg8
33. Qg4+ Qg6 34. Qf4 Kh7 35. Qc7 b5 36. Qxa7 Qf6 37. h3 Kg7 38. Qc5 Qh4 39.
Qe5+ f6 40. Qxb5 Qe1+ 41. Kh2 Qxe3 42. Qd7+ Kg6 43. Qxe6 Qf4+ 1/2-1/2

[Event "4NCL-9899A BR-NWE"]
[Site "Rd11-Birmingham"]
[Date "1999.05.03"]
[Round "11.3"]
[White "Buckley, Graeme"]
[Black "James, Dale"]
[Result "1/2-1/2"]
[WhiteElo "2285"]
[BlackElo "2225"]
[PlyCount "79"]
[EventDate "1999.05.03"]

1. d4 Nf6 2. c4 g6 3. Nc3 d5 4. cxd5 Nxd5 5. e4 Nxc3 6. bxc3 Bg7 7. Bc4 c5 8.
Ne2 a6 9. O-O Nc6 10. Be3 O-O 11. Qd2 cxd4 12. cxd4 b5 13. Bd5 Bb7 14. Rac1 Rc8
15. Bh6 e6 16. Bxg7 Kxg7 17. Bb3 Qf6 18. Rc3 Rfd8 19. Rf3 Qe7 20. Rh3 h5 21.
Qe3 e5 22. d5 Na5 23. f4 Nc4 24. Bxc4 Rxc4 25. fxe5 Qxe5 26. Qf3 Rc7 27. Ng3
Rh8 28. Rh4 Bc8 29. Rf4 Rf8 30. Nf5+ Bxf5 31. exf5 Rc3 32. Qd1 Rc4 {
(Draw offer)} 33. Rxc4 bxc4 34. d6 Rd8 35. d7 Qe3+ 36. Kh1 Qd3 37. fxg6 Qxd1
38. Rxd1 fxg6 39. Kg1 Kf7 40. Kf1 1/2-1/2

[Event "4NCL-9899A BR-NWE"]
[Site "Rd11-Birmingham"]
[Date "1999.05.03"]
[Round "11.4"]
[White "Kennaugh, Charles"]
[Black "Collier, David"]
[Result "1-0"]
[WhiteElo "2283"]
[BlackElo "2245"]
[PlyCount "57"]
[EventDate "1999.05.03"]

1. e4 c5 2. Nf3 d6 3. d4 cxd4 4. Nxd4 Nf6 5. Nc3 a6 6. Qf3 Nbd7 7. Be3 Nc5 8.
Nb3 Nxb3 9. axb3 Bd7 10. Nd5 Nxd5 11. exd5 g6 12. Bd4 f6 13. h4 Bf5 14. Qe2 Kf7
15. g4 e5 16. gxf5 exd4 17. Qe6+ Kg7 18. h5 gxh5 19. O-O-O Qe7 20. Rg1+ Kh6 21.
Rd3 Qxe6 22. dxe6 Be7 23. Rdg3 d5 24. Be2 Bd6 25. Rh3 Bf4+ 26. Kd1 Bg5 27.
Rxh5+ Kg7 28. f4 h6 29. Bf3 1-0

[Event "4NCL-9899A BR-NWE"]
[Site "Rd11-Birmingham"]
[Date "1999.05.03"]
[Round "11.6"]
[White "Sheldon, Ruth"]
[Black "McFarland, Robert"]
[Result "1/2-1/2"]
[WhiteElo "2265"]
[BlackElo "2257"]
[PlyCount "103"]
[EventDate "1999.05.03"]

1. d4 Nf6 2. c4 g6 3. Nc3 Bg7 4. e4 d6 5. Be2 O-O 6. Nf3 e5 7. d5 a5 8. Bg5 h6
9. Bh4 Na6 10. Nd2 Qe8 11. O-O Bd7 12. a3 a4 13. Nb5 Bxb5 14. cxb5 Nc5 15. Qc2
Nfd7 16. b4 axb3 17. Nxb3 Nxb3 18. Qxb3 Nc5 19. Qc2 f5 20. f3 fxe4 21. fxe4 Rf4
22. Bf2 Nxe4 23. Be3 Rxf1+ 24. Rxf1 Nc5 25. Bxc5 dxc5 26. Bg4 Kh7 27. Qxc5 e4
28. Be6 b6 {(Draw offer)} 29. Qc4 Rxa3 30. Qxe4 Qxb5 31. Bf7 Qc5+ 32. Kh1 Qd6
33. Qe8 h5 34. Bg8+ Kh6 35. Qe1 Ra1 36. Qe3+ g5 37. Rxa1 Bxa1 38. h4 Bf6 39.
Qe4 Qe7 40. hxg5+ Bxg5 41. Qxe7 Bxe7 42. Kg1 Bd6 43. Kf2 Kg5 44. Ke3 b5 45. Kd4
Kf4 46. Be6 h4 47. Bd7 Kg3 48. Bh3 Kf2 49. Kc3 Ke3 50. Bd7 Ke2 51. Bg4+ Kf2 52.
Bh3 1/2-1/2

[Event "4NCL-9899A BR-NWE"]
[Site "Rd11-Birmingham"]
[Date "1999.05.03"]
[Round "11.7"]
[White "Burgess, Graham"]
[Black "Smith, Alan A"]
[Result "1/2-1/2"]
[WhiteElo "2290"]
[BlackElo "2240"]
[PlyCount "34"]
[EventDate "1999.05.03"]

1. d4 b6 2. e4 Bb7 3. Bd3 e6 4. Nf3 c5 5. c3 Nf6 6. Nbd2 Be7 7. O-O Nc6 8. Re1
d6 9. a3 Qc7 10. b4 O-O 11. Nf1 Nd7 12. Ne3 Rfe8 13. h4 Nf8 14. d5 Ne5 15. Bb5
Red8 16. h5 Nxf3+ 17. gxf3 Bf6 1/2-1/2

[Event "4NCL-9899A BR-NWE"]
[Site "Rd11-Birmingham"]
[Date "1999.05.03"]
[Round "11.8"]
[White "Tebb, David"]
[Black "Buckley, Melanie"]
[Result "1-0"]
[WhiteElo "2256"]
[BlackElo "2055"]
[PlyCount "59"]
[EventDate "1999.05.03"]

1. d4 e6 2. c4 Nf6 3. Nc3 Bb4 4. Qc2 b6 5. a3 Bxc3+ 6. Qxc3 Bb7 7. Nf3 Ne4 8.
Qc2 f5 9. g3 O-O 10. Bg2 Qc8 11. O-O d6 12. b3 Nd7 13. Bb2 h6 14. Rac1 Ng5 15.
d5 Nxf3+ 16. exf3 e5 17. Bh3 Nc5 18. b4 Na6 19. f4 e4 20. Rce1 Qe8 21. Qc3 Qg6
22. f3 exf3 23. Re6 Rf6 24. Rxf6 Qxf6 25. Qxf6 gxf6 26. Re1 Rf8 27. Bxf5 Kg7
28. Kf2 Rf7 29. Re8 c6 30. Be6 1-0

[Event "4NCL-9899A RIC-BAR2"]
[Site "Rd11-Birmingham"]
[Date "1999.05.03"]
[Round "11.1"]
[White "Williams, Simon"]
[Black "Crouch, Colin"]
[Result "0-1"]
[WhiteElo "2371"]
[BlackElo "2430"]
[PlyCount "72"]
[EventDate "1999.05.03"]

1. f4 d5 2. Nf3 g6 3. e3 Bg7 4. Be2 c5 5. O-O Qc7 6. Nc3 Nf6 7. d3 O-O 8. e4
dxe4 9. dxe4 Rd8 10. Qe1 Nc6 11. Qh4 Nd4 12. f5 gxf5 13. Bc4 Qd6 14. Ng5 Nxc2
15. Nb5 Qc6 16. e5 Nd5 17. Qxh7+ Kf8 18. Qh5 Qg6 19. Qf3 Nxa1 20. Bxd5 e6 21.
Bc4 Nc2 22. h4 Bxe5 23. h5 Qg7 24. Qh3 a6 25. Nc3 Nd4 26. h6 Qg6 27. Be2 Nxe2+
28. Nxe2 Kg8 29. Nf3 f6 30. Qh4 Bd7 31. Nxe5 fxe5 32. Rd1 f4 33. Qe7 f3 34. h7+
Qxh7 35. Qg5+ Qg7 36. gxf3 Bc6 0-1

[Event "4NCL-9899A RIC-BAR2"]
[Site "Rd11-Birmingham"]
[Date "1999.05.03"]
[Round "11.2"]
[White "Bowden, Karl"]
[Black "Quinn, Mark"]
[Result "1/2-1/2"]
[WhiteElo "2348"]
[BlackElo "2346"]
[PlyCount "39"]
[EventDate "1999.05.03"]

1. e4 c5 2. c3 d5 3. exd5 Qxd5 4. d4 Nf6 5. Nf3 Nc6 6. Be2 cxd4 7. cxd4 e6 8.
O-O Be7 9. Nc3 Qd6 10. Qb3 O-O 11. Rd1 b6 12. Nb5 Qb8 13. Ne5 Nxd4 14. Nxd4
Qxe5 15. Bf3 Nd5 16. Nc6 Qf6 17. Nxe7+ Qxe7 18. Bxd5 exd5 19. Qxd5 Bb7 20. Bg5
1/2-1/2

[Event "4NCL-9899A RIC-BAR2"]
[Site "Rd11-Birmingham"]
[Date "1999.05.03"]
[Round "11.3"]
[White "Bates, Richard"]
[Black "Lewis, Andrew P"]
[Result "1/2-1/2"]
[WhiteElo "2373"]
[BlackElo "2254"]
[PlyCount "79"]
[EventDate "1999.05.03"]

1. e4 c5 2. Nf3 Nc6 3. c3 Nf6 4. d3 d5 5. Nbd2 e5 6. a3 Be7 7. b4 a6 8. Bb2 O-O
9. Be2 b6 10. O-O d4 11. cxd4 cxd4 12. Qc2 Bd7 13. Rfc1 Rc8 14. Qd1 Re8 15. Qf1
Bf8 {(Draw offer)} 16. Bd1 h6 17. Nb3 Bd6 18. Nfd2 Be6 19. Kh1 Nd7 20. f4 f6
21. Bh5 Rf8 22. f5 Bf7 23. Bxf7+ Rxf7 24. Rc2 Ndb8 25. Rac1 Na7 26. Rxc8 Nxc8
27. g4 Rc7 28. Nf3 Nd7 29. h4 Be7 30. Qd1 Nd6 31. Nbd2 Rxc1 32. Bxc1 Qc8 33.
Qb3+ Kf8 34. Bb2 Qc6 35. Kg2 b5 36. h5 Nb6 37. Nh4 Nbc4 38. Ng6+ Ke8 39. Kh3
Bd8 40. Bc1 1/2-1/2

[Event "4NCL-9899A RIC-BAR2"]
[Site "Rd11-Birmingham"]
[Date "1999.05.03"]
[Round "11.4"]
[White "Pert, Richard"]
[Black "Wall, Gavin"]
[Result "0-1"]
[WhiteElo "2288"]
[BlackElo "2369"]
[PlyCount "74"]
[EventDate "1999.05.03"]

1. e4 e5 2. Nf3 d6 3. d4 exd4 4. Nxd4 Nf6 5. Nc3 Be7 6. Bd3 O-O 7. O-O Nc6 8.
Nxc6 bxc6 9. f4 Rb8 10. Kh1 Nd7 11. Rb1 Nc5 12. Be3 Nxd3 13. cxd3 Rb7 14. f5
Bf6 15. Qf3 Re8 16. d4 Rb4 17. a3 Rb3 18. Qd1 Rb8 19. Qh5 Ba6 20. Rf3 Bd3 21.
Rd1 Bxe4 22. Rh3 Rxb2 23. Qxh7+ Kf8 24. Nxe4 Rxe4 25. Qh5 d5 26. Qf3 Ke7 27.
Bg1 Qb8 28. Qc3 Kd7 29. Rc1 Qb6 30. a4 Rb1 31. Rh8 Bxd4 32. Bxd4 Rxc1+ 33. Qxc1
Qxd4 34. Rb8 Qf2 35. Rb1 Rg4 36. Rb2 Rc4 37. Qb1 Qe3 0-1

[Event "4NCL-9899A RIC-BAR2"]
[Site "Rd11-Birmingham"]
[Date "1999.05.03"]
[Round "11.5"]
[White "Trifunovic, Aleks"]
[Black "Palliser, Richard"]
[Result "1-0"]
[WhiteElo "2260"]
[BlackElo "2245"]
[PlyCount "71"]
[EventDate "1999.05.03"]

1. d4 Nf6 2. Nf3 g6 3. c4 Bg7 4. Nc3 O-O 5. g3 d6 6. Bg2 c6 7. O-O Qa5 8. e4
Bg4 9. h3 Bxf3 10. Bxf3 Nbd7 11. Be3 c5 12. d5 Qb4 13. Qb3 Nb6 14. Be2 a5 15.
Bd2 Nfd7 16. Rfc1 Ne5 17. Qc2 Nbxc4 18. Be1 Qxb2 19. Qd1 Qb6 20. Rab1 Qd8 21.
f4 Ne3 22. Qa4 Qc8 23. Kh2 Nd7 24. Nb5 f5 25. Bf2 fxe4 26. Bxe3 Nf6 27. Qc4 Qf5
28. Nc3 Qd7 29. Nxe4 Nxe4 30. Qxe4 Rab8 31. Bg4 Qd8 32. Be6+ Kh8 33. Rb5 g5 34.
f5 h6 35. Qg4 Qe8 36. Rcb1 1-0

[Event "4NCL-9899A RIC-BAR2"]
[Site "Rd11-Birmingham"]
[Date "1999.05.03"]
[Round "11.6"]
[White "Duncan, Chris"]
[Black "Webb, Laurence"]
[Result "1/2-1/2"]
[WhiteElo "2265"]
[BlackElo "2216"]
[PlyCount "31"]
[EventDate "1999.05.03"]

1. Nf3 Nf6 2. c4 e6 3. Nc3 c5 4. d4 cxd4 5. Nxd4 d5 6. cxd5 Nxd5 7. Bd2 Be7 8.
e3 O-O 9. Be2 e5 10. Ndb5 Be6 11. O-O Nc6 12. Bf3 Rc8 13. Nxd5 Bxd5 14. Bxd5
Qxd5 15. Nc3 Qd3 16. Qe2 1/2-1/2

[Event "4NCL-9899A RIC-BAR2"]
[Site "Rd11-Birmingham"]
[Date "1999.05.03"]
[Round "11.7"]
[White "Allicock, Rawle"]
[Black "Sands, David"]
[Result "1-0"]
[WhiteElo "2232"]
[BlackElo "2251"]
[PlyCount "91"]
[EventDate "1999.05.03"]

1. e4 c5 2. Nf3 Nc6 3. d4 cxd4 4. Nxd4 Nf6 5. Nc3 d6 6. Bg5 e6 7. Nb3 a6 8. Qd2
b5 9. a3 Bb7 10. O-O-O Qb6 11. f4 Be7 12. Kb1 Rd8 13. f5 O-O 14. Bd3 Ne5 15.
Qe2 Rc8 16. g4 Qc7 17. Rhg1 Nc4 18. Bc1 exf5 19. exf5 Rfe8 20. g5 d5 21. gxf6
Bxf6 22. Qf2 Nxa3+ 23. bxa3 Qxc3 24. Qb6 Rc7 25. Qa5 Qc6 26. Bb2 Bxb2 27. Kxb2
Qf6+ 28. Kb1 Rec8 29. Rde1 h6 30. Rg3 d4 31. Qb4 Rd8 32. Rg4 Rcd7 33. Nxd4 Rxd4
34. Rxd4 Qxd4 35. Re8+ Kh7 36. f6+ Qxd3 37. cxd3 Rxe8 38. Qg4 gxf6 39. Qd7 Re1+
40. Kb2 Bh1 41. Qxf7+ Kh8 42. Qxf6+ Kh7 43. Qxa6 Re2+ 44. Kc3 Rxh2 45. Qa7+ Kg6
46. Qg1+ 1-0

[Event "4NCL-9899A RIC-BAR2"]
[Site "Rd11-Birmingham"]
[Date "1999.05.03"]
[Round "11.8"]
[White "Lang, Heather"]
[Black "Bates, Ruth"]
[Result "1/2-1/2"]
[WhiteElo "2057"]
[BlackElo "2015"]
[PlyCount "111"]
[EventDate "1999.05.03"]

1. e4 g6 2. d4 Bg7 3. Nc3 c6 4. f4 d5 5. e5 h5 6. Nf3 Bg4 7. Be2 Nh6 8. Be3 e6
9. h3 Bxf3 10. Bxf3 Nf5 11. Bf2 h4 12. O-O Nd7 13. Ne2 Bf8 14. Kh2 Be7 15. Bg4
c5 16. c3 c4 17. a4 a5 18. Ng1 Rb8 19. Nf3 Nh6 20. Qe1 Nf5 21. Qd2 Nf8 22. Rfb1
Nd7 23. Qe1 Nb6 24. Nd2 Qc7 {(Draw offer)} 25. Rc1 Rc8 26. Kg1 Qd7 27. Bd1 Qc7
28. Bc2 Qd7 29. Qe2 Qc7 30. Qg4 Nh6 {(Draw offer)} 31. Qe2 Nf5 32. Nf3 Qd8 33.
Qe1 Ra8 34. Rab1 Rb8 35. Qe2 Qd7 36. Qd1 Qc7 37. Ng5 Bxg5 38. fxg5 Qd8 39. Qg4
Rh5 40. Bxf5 exf5 41. Qe2 Qxg5 42. e6 Qf6 43. Re1 Ke7 44. b3 fxe6 45. Be3 Rd8
46. bxc4 Nxc4 47. Rxb7+ Rd7 48. Rxd7+ Kxd7 49. Bf4 Rh7 50. Rb1 Kc6 51. Rb5 Rb7
52. Bg5 Qf7 53. Rc5+ Kb6 54. Bxh4 Qd7 55. Rb5+ Ka6 56. Rxb7 1/2-1/2

[Event "4NCL-9899A SL-BCM"]
[Site "Rd11-Birmingham"]
[Date "1999.05.03"]
[Round "11.1"]
[White "Lalic, Bogdan"]
[Black "Rogers, Ian"]
[Result "1-0"]
[WhiteElo "2549"]
[BlackElo "2618"]
[PlyCount "117"]
[EventDate "1999.05.03"]

1. d4 Nf6 2. c4 e6 3. Nc3 Bb4 4. f3 c5 5. d5 b5 6. e4 bxc4 7. Bxc4 O-O 8. Nge2
exd5 9. Bxd5 Nxd5 10. Qxd5 Nc6 11. O-O Ba6 12. Rd1 Qb6 13. Be3 Bxc3 14. Nxc3
Qxb2 15. Qxc5 Qb4 16. Rxd7 Qxc5 17. Bxc5 Rfc8 18. Nd5 Bc4 19. Be3 Bxd5 20. Rxd5
Nb4 21. Rc5 a5 22. a4 Rxc5 23. Bxc5 Nd3 24. Bd4 f6 25. Rd1 Nf4 26. g3 Ne6 27.
Bf2 Rb8 28. Rd5 Ng5 29. Kg2 Rb3 30. Rxa5 Nxf3 31. Ra8+ Kf7 32. a5 Ne5 33. a6
Rb2 34. a7 Ng4 35. Rb8 Rxf2+ 36. Kg1 Ra2 37. a8=Q Rxa8 38. Rxa8 h5 39. Ra7+ Kg6
40. h3 Ne5 41. Kf2 Nf7 42. Re7 Ng5 43. h4 Nf7 44. Ke3 Nh6 45. Rd7 Ng4+ 46. Kf4
Ne5 47. Rd5 Ng4 48. Rd2 Kf7 49. Rd1 Kg6 50. Rd5 Kh6 51. Kf5 Ne3+ 52. Ke6 Kg6
53. Ke7 Ng4 54. Kf8 Kh6 55. Kg8 g5 56. Kf7 gxh4 57. gxh4 Nf2 58. Rd4 Ng4 59.
Rd6 1-0

[Event "4NCL-9899A SL-BCM"]
[Site "Rd11-Birmingham"]
[Date "1999.05.03"]
[Round "11.2"]
[White "Chandler, Murray"]
[Black "Turner, Matthew"]
[Result "1/2-1/2"]
[WhiteElo "2520"]
[BlackElo "2463"]
[PlyCount "47"]
[EventDate "1999.05.03"]

1. e4 c5 2. Nf3 Nc6 3. Bb5 g6 4. Bxc6 dxc6 5. d3 Bg7 6. Nc3 c4 7. d4 Bg4 8. Be3
Bxf3 9. Qxf3 Bxd4 10. O-O-O Bxe3+ 11. Qxe3 Qb6 12. Qf4 Nf6 13. e5 Nd5 14. Qxc4
O-O 15. Ne4 Rad8 16. g3 Qb4 17. Qxb4 Nxb4 18. a3 Na6 19. f4 b6 20. Rxd8 Rxd8
21. Rd1 Rxd1+ 22. Kxd1 Nc7 23. Ke2 Ne8 24. Kd3 1/2-1/2

[Event "4NCL-9899A SL-BCM"]
[Site "Rd11-Birmingham"]
[Date "1999.05.03"]
[Round "11.3"]
[White "Wells, Peter"]
[Black "Mestel, Jonathan"]
[Result "1-0"]
[WhiteElo "2492"]
[BlackElo "2485"]
[PlyCount "71"]
[EventDate "1999.05.03"]

1. d4 d6 2. Nf3 Bg4 3. c4 Bxf3 4. exf3 c6 5. Nc3 Nf6 6. f4 g6 7. Be2 Bg7 8. O-O
O-O 9. Bf3 Nbd7 10. Re1 e6 11. Rb1 Rb8 12. d5 exd5 13. cxd5 c5 14. a4 a6 15.
Be3 Re8 16. g4 Nb6 17. g5 Nfd7 18. Ne4 Nc4 19. Bc1 b5 20. Qc2 Qa5 21. Re2 Qb4
22. Bg4 Ndb6 23. b3 Na3 24. Bxa3 Qxa3 25. Nxd6 Rxe2 26. Qxe2 c4 27. Nxf7 Kxf7
28. Qe6+ Kf8 29. b4 Re8 30. Qxb6 Qc3 31. Qc5+ Kg8 32. d6 Qd4 33. d7 Rd8 34. Qc7
Rf8 35. Re1 Qxf4 36. Qxf4 1-0

[Event "4NCL-9899A SL-BCM"]
[Site "Rd11-Birmingham"]
[Date "1999.05.03"]
[Round "11.4"]
[White "Bellin, Robert"]
[Black "McNab, Colin"]
[Result "1/2-1/2"]
[WhiteElo "2360"]
[BlackElo "2428"]
[PlyCount "46"]
[EventDate "1999.05.03"]

1. e4 g6 2. d4 d6 3. Nc3 c6 4. f4 d5 5. e5 h5 6. Nf3 Nh6 7. Be2 Bg4 8. Be3 Nf5
9. Bf2 e6 10. O-O Nd7 11. Qd2 c5 12. dxc5 Bxc5 13. Bb5 Bxf2+ 14. Rxf2 Bxf3 15.
Bxd7+ Qxd7 16. Rxf3 Qc6 17. Rd1 Rc8 18. Rd3 O-O 19. Qf2 d4 20. Ne2 Qxc2 21.
R3d2 Qe4 22. Nxd4 Nxd4 23. Qxd4 Qxd4+ 1/2-1/2

[Event "4NCL-9899A SL-BCM"]
[Site "Rd11-Birmingham"]
[Date "1999.05.03"]
[Round "11.5"]
[White "Houska, Jovanka"]
[Black "Richardson, John"]
[Result "0-1"]
[WhiteElo "2286"]
[BlackElo "2318"]
[PlyCount "132"]
[EventDate "1999.05.03"]

1. e4 d5 2. exd5 Qxd5 3. Nc3 Qa5 4. d4 Nf6 5. Nf3 c6 6. Bc4 Bg4 7. Bd2 e6 8. h3
Bh5 9. Qe2 Bb4 10. a3 Nd5 11. Bxd5 cxd5 12. Rc1 Be7 13. g4 Bg6 14. h4 h6 15.
Ne5 Bh7 16. g5 Nd7 17. gxh6 gxh6 18. Rh3 Qb6 19. Qb5 Qxb5 20. Nxb5 Nxe5 21.
dxe5 Kd7 22. Bb4 f6 23. Bxe7 Kxe7 24. exf6+ Kxf6 25. Rf3+ Ke7 26. Re3 Kd7 27.
Ke2 Rhg8 28. c4 Rac8 29. Nd4 Rg4 30. Nf3 Ke7 31. Ne5 Rgg8 32. Rd1 Bc2 33. Rd2
Be4 34. f3 Rg2+ 35. Ke1 Rxd2 36. Kxd2 Bf5 37. b3 dxc4 38. bxc4 Rg8 39. Rb3 Kf6
40. Nd7+ Ke7 41. Ne5 b6 42. Nc6+ Kd6 43. Nxa7 Kc5 44. Kc3 Ra8 45. Nb5 e5 46.
Nc7 Bd7 $4 47. Nd5 $4 {(A third party witness confirms that the previous two
moves really happened and that neither player was in time trouble)} Rf8 48. Kb2
b5 49. Re3 bxc4 50. Nb4 Rf5 51. Kc3 Bc8 52. Nc2 Bb7 53. Ne1 Bd5 54. Kd2 Kd6 55.
Ke2 Rf4 56. Ng2 Rf8 57. Ne1 Rf4 58. Ng2 Rf8 59. Ne1 Rb8 60. Kd2 Rb2+ 61. Nc2
Rb1 62. Ne1 Be6 63. Kc2 Bf5+ 64. Kc3 Kd5 65. Nc2 Rb3+ 66. Kd2 Bxc2 0-1

[Event "4NCL-9899A SL-BCM"]
[Site "Rd11-Birmingham"]
[Date "1999.05.03"]
[Round "11.6"]
[White "Lyell, Mark"]
[Black "Lalic, Susan"]
[Result "1/2-1/2"]
[WhiteElo "2221"]
[BlackElo "2335"]
[PlyCount "44"]
[EventDate "1999.05.03"]

1. e4 d5 2. exd5 Nf6 3. d4 Nxd5 4. c4 Nb6 5. Nc3 e5 6. Be3 exd4 7. Qxd4 Qxd4 8.
Bxd4 Nc6 9. Be3 Bb4 10. O-O-O Bxc3 11. bxc3 Be6 12. c5 Nd5 13. Bd2 O-O-O 14.
Nf3 Nf6 15. Ng5 Bxa2 16. Kb2 h6 17. Kxa2 hxg5 18. f3 Rd7 19. Kb2 Rhd8 20. Kc2
Nd5 21. Bd3 g6 22. Bxg5 f6 1/2-1/2

[Event "4NCL-9899A SL-BCM"]
[Site "Rd11-Birmingham"]
[Date "1999.05.03"]
[Round "11.7"]
[White "Smith, Andrew P"]
[Black "Bellin, Jana"]
[Result "0-1"]
[WhiteElo "2274"]
[BlackElo "2170"]
[PlyCount "52"]
[EventDate "1999.05.03"]

1. e4 c5 2. Nf3 e6 3. d4 cxd4 4. Nxd4 a6 5. Nc3 Qc7 6. Qd3 Nf6 7. Bd2 b5 8. a3
Bb7 9. O-O-O Nc6 10. Nxc6 Bxc6 11. f4 b4 12. axb4 Bxb4 13. e5 Bxc3 14. Bxc3 Nd5
15. f5 Bb5 16. Qf3 Rc8 17. Rxd5 exd5 18. Qg4 g6 19. e6 dxe6 20. fxe6 f6 21.
Bxb5+ axb5 22. e7 Qc4 23. Qe6 Rc6 24. Qh3 b4 25. Qh6 bxc3 26. b3 Qa6 0-1

[Event "4NCL-9899A SL-BCM"]
[Site "Rd11-Birmingham"]
[Date "1999.05.03"]
[Round "11.8"]
[White "Anderton, David"]
[Black "Tucker, Alex"]
[Result "1/2-1/2"]
[WhiteElo "2205"]
[BlackElo "2215"]
[PlyCount "75"]
[EventDate "1999.05.03"]

1. d4 Nf6 2. c4 g6 3. g3 Bg7 4. Bg2 O-O 5. Nc3 d6 6. Nf3 Nbd7 7. O-O e5 8. e4
exd4 9. Nxd4 Re8 10. Re1 Nc5 11. h3 a6 12. Rb1 Rb8 13. b4 Ne6 14. Be3 h6 15. f4
Bd7 16. Kh2 Nxd4 17. Bxd4 Be6 18. Bf1 c5 19. bxc5 dxc5 20. Be5 Qxd1 21. Rexd1
Rbd8 22. Bd6 Nxe4 23. Nxe4 Bf5 24. Nxc5 Bxb1 25. Nxb7 Bc2 26. Rd2 Rd7 27. Bg2
Be4 28. Bxe4 Rxe4 29. Nc5 Ree7 30. Nxd7 Rxd7 31. c5 Bf8 32. Kg2 f5 33. g4 Kf7
34. gxf5 gxf5 35. Rd5 Bxd6 36. cxd6 Ke6 37. Re5+ Kf6 38. Rd5 1/2-1/2

[Event "4NCL-9899A WES-HH"]
[Site "Rd11-Birmingham"]
[Date "1999.05.03"]
[Round "11.1"]
[White "Rossiter, Philip"]
[Black "Bischoff, Klaus"]
[Result "0-1"]
[WhiteElo "2368"]
[BlackElo "2521"]
[PlyCount "62"]
[EventDate "1999.05.03"]

1. e4 c5 2. Nc3 e6 3. f4 a6 4. Nf3 Nc6 5. g3 f6 6. Bg2 Nh6 7. O-O Be7 8. d3 O-O
9. Kh1 b5 10. f5 Nf7 11. Nh4 Bb7 12. Qh5 Nfe5 13. Be3 Qe8 14. Qd1 Rc8 15. Ne2
g5 16. Nf3 Nxf3 17. Rxf3 Ne5 18. Rf1 h5 19. fxe6 dxe6 20. d4 Nc4 21. Bg1 Nxb2
22. Qc1 Nc4 23. a4 b4 24. a5 Qg6 25. d5 exd5 26. exd5 Qf7 27. Rd1 Rfd8 28. Qb1
Rxd5 29. Qb3 Rxd1 30. Bxb7 Rxa1 31. Bxc8 Qd5+ 0-1

[Event "4NCL-9899A WES-HH"]
[Site "Rd11-Birmingham"]
[Date "1999.05.03"]
[Round "11.2"]
[White "Hennigan, Michael"]
[Black "Webb, Richard"]
[Result "1-0"]
[WhiteElo "2430"]
[BlackElo "2311"]
[PlyCount "109"]
[EventDate "1999.05.03"]

1. Nf3 c5 2. g3 Nc6 3. Bg2 g6 4. O-O Bg7 5. e4 e5 6. c3 Nge7 7. a3 O-O 8. d3 d6
9. b4 h6 10. Nbd2 Be6 11. Bb2 Qd7 12. Re1 Rae8 13. d4 exd4 14. cxd4 cxb4 15.
axb4 Nxb4 16. Qb1 Na6 17. d5 Bg4 18. Bxg7 Kxg7 19. Nd4 Nc5 20. Rxa7 Nc8 21. Ra3
Bh3 22. N2b3 Bxg2 23. Kxg2 Qd8 24. Nxc5 dxc5 25. Nf3 Nd6 26. e5 Nc4 27. Rd3 Qc7
28. Qb5 Nb6 29. d6 Qc6 30. Qxc6 bxc6 31. Rb3 Rb8 32. Reb1 Nd7 33. Rxb8 Rxb8 34.
Rxb8 Nxb8 35. Nd2 Kf8 36. f4 Ke8 37. Ne4 Na6 38. Nf6+ Kd8 39. Kf3 c4 40. Ke4 c5
41. g4 Nb4 42. f5 gxf5+ 43. gxf5 c3 44. e6 fxe6 45. fxe6 Nc6 46. Kd3 c2 47. Kd2
c4 48. Nd5 c3+ 49. Kc1 Ke8 50. Nf6+ Kf8 51. e7+ Nxe7 52. dxe7+ Kxe7 53. Ng8+
Ke6 54. Nxh6 Ke5 55. Ng4+ 1-0

[Event "4NCL-9899A WES-HH"]
[Site "Rd11-Birmingham"]
[Date "1999.05.03"]
[Round "11.3"]
[White "Simons, Martin"]
[Black "Tozer, Richard"]
[Result "0-1"]
[WhiteElo "2233"]
[BlackElo "2305"]
[PlyCount "106"]
[EventDate "1999.05.03"]

1. e4 c5 2. d3 Nc6 3. g3 g6 4. Bg2 Bg7 5. f4 e6 6. Nf3 Nge7 7. O-O O-O 8. Nc3
b6 9. g4 f5 10. gxf5 gxf5 11. Ne2 Bb7 12. Ng3 Nd4 13. c3 Nxf3+ 14. Qxf3 Ng6 15.
Nh5 Bh8 16. Qg3 Qh4 17. Bf3 fxe4 18. dxe4 d5 19. e5 Ba6 20. Rd1 Qxg3+ 21. hxg3
Nxe5 22. Bxd5 exd5 23. fxe5 Bxe5 24. Bf4 Bxf4 25. Nxf4 Bb7 26. Rd3 Rf5 27. Rad1
Rd8 28. a3 Re5 29. R1d2 Rd7 30. Kh2 Rd6 31. Kh3 Kf7 32. Kh2 Ke7 33. Kg1 Kd7 34.
Rh2 h6 35. Rhd2 Kc6 36. Kf2 Bc8 37. Re3 Rxe3 38. Kxe3 a5 39. Rd1 Bf5 40. Rd2
Rd8 41. Rd1 Bg4 42. Rd2 Re8+ 43. Kf2 Re5 44. Ng6 Re4 45. Nf4 d4 46. cxd4 cxd4
47. Rc2+ Kd6 48. Kf1 Re3 49. Kf2 Rf3+ 50. Kg2 Rb3 51. Rd2 Ke5 52. Ne2 Bxe2 53.
Rxe2+ Re3 0-1

[Event "4NCL-9899A WES-HH"]
[Site "Rd11-Birmingham"]
[Date "1999.05.03"]
[Round "11.4"]
[White "Mortazavi, Ali"]
[Black "Yeo, Michael"]
[Result "1-0"]
[WhiteElo "2380"]
[BlackElo "2211"]
[PlyCount "97"]
[EventDate "1999.05.03"]

1. e4 e5 2. Bc4 Nf6 3. d3 Nc6 4. Nf3 Bc5 5. c3 a6 6. Bb3 d6 7. Nbd2 Ba7 8. h3
O-O 9. Nf1 d5 10. Qe2 dxe4 11. dxe4 Qd6 12. Ng3 Be6 13. O-O Bxb3 {(Draw offer)}
14. axb3 Qe6 15. b4 h6 16. Nh4 Ne7 17. Qf3 Kh7 18. Nhf5 Nxf5 19. Nxf5 Ng8 20.
Be3 Bxe3 21. Nxe3 c6 22. Qe2 Rad8 23. Rad1 Nf6 24. Nc4 Qe7 25. g3 c5 26. bxc5
Qxc5 27. Kg2 b5 28. Ne3 g6 29. f3 Kg7 30. Rd3 Rxd3 31. Qxd3 b4 32. c4 a5 33. b3
Ra8 34. Ra1 Nd7 35. h4 Qd4 36. Qxd4 exd4 37. Nc2 d3 38. Nxb4 Nc5 39. Kf2 Nxb3
40. Ra3 d2 41. Ke2 Nd4+ 42. Kxd2 Nxf3+ 43. Rxf3 axb4 44. Rb3 Ra2+ 45. Kd3 Ra3
46. Rxa3 bxa3 47. Kc3 Kf6 48. Kb3 Ke5 49. c5 1-0

[Event "4NCL-9899A WES-HH"]
[Site "Rd11-Birmingham"]
[Date "1999.05.03"]
[Round "11.6"]
[White "Chan, Nevil"]
[Black "Corkett, Anthony"]
[Result "1/2-1/2"]
[WhiteElo "2000"]
[BlackElo "2255"]
[PlyCount "63"]
[EventDate "1999.05.03"]

1. d4 Nf6 2. Nc3 c5 3. d5 Qa5 4. Bd2 b5 5. e4 b4 6. e5 bxc3 7. Bxc3 Qc7 8. exf6
exf6 9. Nf3 Be7 10. Qd2 O-O 11. Ba5 Qd6 12. c4 Qa6 13. Bc3 d6 14. Be2 Nd7 15.
O-O Ne5 16. b3 Qb6 17. Ne1 f5 18. Nd3 Bf6 19. Bd1 a5 20. a4 Qd8 21. Bc2 Ng4 22.
Rae1 Bxc3 23. Qxc3 Qh4 24. h3 Nf6 25. Nc1 f4 26. Re2 Nd7 27. Rfe1 Ne5 28. Rxe5
dxe5 29. Rxe5 Qf6 30. Rh5 Qxc3 31. Bxh7+ Kh8 32. Bg6+ 1/2-1/2

[Event "4NCL-9899A WES-HH"]
[Site "Rd11-Birmingham"]
[Date "1999.05.03"]
[Round "11.8"]
[White "Chevannes, Sabrina"]
[Black "Howard, Emily"]
[Result "1/2-1/2"]
[WhiteElo "1304"]
[BlackElo "2047"]
[PlyCount "66"]
[EventDate "1999.05.03"]

1. d4 Nf6 2. Nf3 e6 3. c3 b6 4. Bg5 Bb7 5. Nbd2 Be7 6. e3 O-O 7. Bd3 d5 8. Nb3
c5 9. Bxf6 gxf6 10. Nbd2 Nd7 11. Qb1 h6 12. h3 Re8 13. Qd1 e5 14. dxe5 fxe5 15.
Nh2 Bd6 16. Qh5 Qg5 17. Qxg5+ hxg5 18. Bf5 Nf8 19. Ng4 Kg7 20. h4 gxh4 21. Rxh4
d4 22. g3 Bc8 23. Be4 Rb8 24. Bc6 Rd8 25. Nh6 Ng6 26. Rh5 Rh8 27. Nf5+ Bxf5 28.
Rxf5 Ne7 29. Rg5+ Kf6 30. Ne4+ Ke6 31. Bb5 Rh1+ 32. Bf1 f6 33. Rg7 Rbh8 1/2-1/2